| 000 | 00416nam a2200169Ia 4500 | ||
|---|---|---|---|
| 003 | GCL | ||
| 008 | 140319s9999 xx 000 0 eng d | ||
| 040 |
_aGCL / _cGCL |
||
| 082 | 0 | 4 |
_a708 _bS S |
| 100 | 1 | _aSALNTSEN, N | |
| 245 | 1 | 0 |
_aTHE STANISLAVSKY MUSEUM / _cSALNTSEN, N |
| 260 |
_a[S.N] : _bFOREIGN LANGUAGES PUBLISHING HOUSE |
||
| 650 | 0 | 4 | _aMUSEUMS |
| 650 | 0 | 4 | _aARTS |
| 650 | 0 | 4 | _aPAINTING |
| 942 |
_2ddc _cBK |
||
| 999 |
_c20717 _d20717 |
||